000 00606nam a22001577a 4500
003 OSt
005 20151101103611.0
008 151101b xxu||||| |||| 00| 0 eng d
040 _cRUA
082 _aFOR ជីប 1990 B115 Or.1
100 _93124
_aជីប, ប៊ុនថាវីន
245 _aគំរោងបែបបទបចេ្ចកទេសអាជីវកម្មឈើស្រល់ប្រចាំឆ្នាំ​ នៅខេត្តកំពង់ស្ពឺ គីរីរម្យ
260 _aPhnom Penh
_bRUA
_c1990
300 _a95p.
_bill.
_c29cm.
942 _2ddc
_cFOR
999 _c2913
_d2913